English in mind
में बचाया:
| मुख्य लेखकों: | , |
|---|---|
| स्वरूप: | पुस्तक |
| भाषा: | अंग्रेज़ी |
| प्रकाशित: |
Londres
Macmillan Education
1974
|
| संस्करण: | 1a. ed |
| विषय: | |
| टैग: |
टैग जोड़ें
कोई टैग नहीं, इस रिकॉर्ड को टैग करने वाले पहले व्यक्ति बनें!
|
MARC
| LEADER | 00000cam a2200000 a 4500 | ||
|---|---|---|---|
| 001 | UCF7445 | ||
| 003 | CL-VaPUC | ||
| 008 | 130627e19740000UK |||||||||||||||||eng|d | ||
| 020 | |a 0333177266 | ||
| 082 | 0 | 4 | |a 428 |b TTO |2 21 |
| 100 | 0 | |a Ttofi, C |e author |9 569489 | |
| 700 | 0 | |a Creed, T. S |e author |9 569490 | |
| 245 | 1 | 0 | |a English in mind |
| 250 | |a 1a. ed | ||
| 300 | |a 194 p | ||
| 942 | |c BK | ||
| 945 | |d 20130627 00:00:00 |a cmena | ||
| 260 | |a Londres |b Macmillan Education |c 1974 | ||
| 650 | 0 | |a Enseñanza del inglés |9 367340 | |
| 650 | 0 | |a Educación lingüística |9 306506 | |
| 650 | 0 | |a Libros de texto |9 270019 | |
| 583 | |a last modification |c 20130627 13:18:00 |k Rodrigo Vera | ||
| 999 | |c 352279 |d 352277 | ||
| 952 | |0 0 |1 0 |4 0 |6 428_000000000000000_TTO_1974 |7 0 |8 P |9 456752 |a BIBEDU |b BIBEDU |c BIBEDU_PB |d 2019-11-22 |i 484159K |o 428 TTO 1974 |p 484159K |r 2024-01-25 |w 2019-11-22 |y BK |k LIT | ||